[Event "Rio de Janeiro CMIL op"]
[Site "Rio de Janeiro"]
[Date "2015.11.19"]
[Round "1"]
[White "Glicerio, Ronaldo"]
[Black "Canavarro Costa, Marcio Innecco"]
[Result "1-0"]
[WhiteElo "2230"]
[BlackElo "1980"]
[PlyCount "73"]
[EventDate "2015.11.19"]
[EventType "swiss"]
[EventRounds "6"]
[EventCountry "BRA"]
[SourceTitle "CBM 170 Extra"]
[Source "ChessBase"]
[SourceDate "2016.02.25"]
[SourceVersion "1"]
[SourceVersionDate "2016.02.25"]
[SourceQuality "1"]

1. e4 e5 2. d4 exd4 3. Qxd4 Nc6 4. Qe3 d6 5. Nc3 Nf6 6. Bd2 Be6 7. h3 Qe7 8. Bb5 a6 9. Bxc6+ bxc6 10. Nf3 g6 11. 0-0 Bg7 12. Rfe1 0-0 13. Qd3 h6 14. Rad1 Nd7 15. Be3 Ne5 16. Nxe5 dxe5 17. Qe2 Kh7 18. a3 a5 19. Na4 Rfd8 20. Nc5 Rdb8 21. b3 Rd8 22. Rxd8 Rxd8 23. Qa6 f5 24. Qxc6 Rd6 25. Qa4 f4 26. Bc1 Bc8 27. Qc4 Rc6 28. b4 axb4 29. axb4 Qg5 30. Qd3 Rf6 31. Qc3 h5 32. Kh2 Rd6 33. g3 fxg3+ 34. Qxg3 Qe7 35. Bg5 Bf6 36. Bxf6 Qxf6 37. Nd3 1-0